Baroque Art - Sudden Death - Statistics

General Stats
  • This quiz has been taken 33 times
  • The average score is 5 of 13
Answers on the Grid
Answers color-coded by a green-red scale on the quiz's grid according to % correct below.
 
Answer Stats
Answer % Correct
Peter Paul Rubens, Entombment of Christ
69%
Bernini, Ecstasy of St Teresa
56%
Velasquez, Portrait of Juan de Pareja
56%
Caravaggio, Calling of St Matthew
44%
Rembrandt, Presentation of Christ in the Temple
38%
Francisco de Zurbaran, Agnus Dei
38%
Johannes Vermeer, Milkmaid
31%
Juan Carreño de Miranda, Charles II of Spain
31%
Georges de la Tour, Penitent Magdalen
31%
Murillo, Two Women at a Window
19%
Elisabeth Sirani, Portia Wounding Her Thigh
13%
Rubens, Hippopotamus and Crocodile Hunt
13%
(Facade) St Pieter's Basilica, Italy
13%
No matching quizzes found
Score Distribution
Percent of People with Each Score
Percentile by Number Answered
Your Score History
You have not taken this quiz